| 000 | 01050nam a22003737a 4500 | ||
|---|---|---|---|
| 001 | 0003630 | ||
| 003 | KOHA_MİRAKIL | ||
| 005 | 20260207001342.0 | ||
| 007 | ta | ||
| 008 | 090414b2005 tu |||gr||||#||||0|tur | | ||
| 020 | _a9757337552 | ||
| 040 |
_aTR-BiSEU _btur _cTR-BiSEU _erda |
||
| 041 | 0 | _atur | |
| 044 | _ctu | ||
| 050 |
_aHD31 _b.M83 2005 |
||
| 100 | 1 | _aMucuk, İsmet. | |
| 245 | 1 |
_aModern işletmecilik/ _cİsmet Mucuk ; İsmet Mucuk. |
|
| 250 | _a15. Baskı | ||
| 264 | 1 |
_aİstanbul : _bTürkmen _c2005 |
|
| 300 | _aXVIII, 406 sayfa; 24 cm. | ||
| 336 |
_ametin _btxt _2rdacontent |
||
| 337 |
_aaracısız _bn _2rdamedia |
||
| 338 |
_acilt _bnc _2rdacarrier |
||
| 490 | 1 |
_aTürkmen Yayın No ; _v80. |
|
| 490 | 1 |
_aEğitim dizisi ; _v12 |
|
| 500 | _aKaynakça var. | ||
| 650 | 0 |
_aİşletme yönetimi. _96014 |
|
| 650 | 0 |
_aYönetim. _93705 |
|
| 650 | 0 |
_aBusiness management. _96015 |
|
| 650 | 0 |
_aManagement. _94546 |
|
| 830 | 1 |
_aTürkmen Yayın No ; _v80. _98806 |
|
| 830 | 1 |
_aEğitim dizisi ; _v12 _94002 |
|
| 942 |
_2lcc _cBK |
||
| 999 |
_c3614 _d3614 |
||